Statistics for Shrike by Hozier - Lyrics Quiz

Click here to take the quiz!

General Stats

  • This quiz has been taken 36 times
  • The average score is 168 of 203

Answer Stats

Answer% Correct
a
100%
ah
100%
i
100%
it
96%
shrike
96%
when
96%
you
96%
and
92%
bird
92%
i'm
92%
like
92%
love
92%
my
92%
no
92%
the
92%
to
92%
your
92%
couldn't
88%
counted
88%
is
88%
now
88%
of
88%
but
84%
glorious
84%
needed
84%
singing
84%
thorn
84%
whisper
84%
all
80%
'bout
80%
form
80%
goin'
80%
me
80%
shouted
80%
with
80%
as
76%
flying
76%
goodness
76%
on
76%
sharp
76%
that
76%
was
76%
what
76%
where
76%
would
76%
by
72%
giving
72%
ground
72%
had
72%
reborn
72%
remember
72%
so
72%
utter
72%
are
68%
back
68%
bodies
68%
hung
68%
i'd
68%
idea
68%
never
68%
prey
68%
some
68%
words
68%
above
64%
at
64%
breath
64%
cry
64%
darkening
64%
discounted
64%
final
64%
founded
64%
grounded
64%
hedgerows
64%
mounted
64%
pelt
64%
scorn
64%
then
64%
thus
64%
transformed
64%
uncounted
64%
virtues
64%
drawn
60%
housed
60%
much
60%
city
56%
met
56%
warmth
56%
won
56%
along
52%
fled
52%
following
52%
dragging
48%

Score Distribution

Percentile by Number Answered

Percent of People with Each Score

Your Score History

You have not taken this quiz